LEADER 01374nam a2200337 a 4500 001 000000123509 003 CaOOAMICUS 005 20101022144657.0 008 101022t2008 it ab u000 u ita r 020 $a978-88-370-5965-1 040 $aPUL$bita 082 04$a909 100 1 $aAimi, Antonio.$0(OLS)http://pul/name/77785 245 10$aMaya e Aztechi /$cAntonio Aimi ; con la collaborazione di Raphael Tunesi. 260 $aMilano :$bElecta,$c©2008. 300 $a384 p. :$bill., c. geogr. ;$c20 cm. 490 1 $aDizionari delle civiltà 504 $aInclude bibliografia ed indice. 650 4$aMaya$xStoria.$0(OLS)http://pul/subject/24216 650 4$aMaya$xVita e costumi sociali.$0(OLS)http://pul/subject/23924 650 4$aAztechi$xStoria.$0(OLS)http://pul/subject/24217 700 1 $aTunesi, Raphael.$0(OLS)http://pul/name/77786 830 0$aDizionari delle civiltà.$0(OLS)http://pul/title/155655 850 $aPUL 852 $aPUL$W1$xDP2 Filosofia 3$y112$m909 COLL 4.9$j142176$qDDC 21$B141150$CPULBib$Z2$F141150 $H115037 $82 941 1 $a9 996 $6020$a978-88-370-5965-1$9(OLS)http://pul/number/145703 996 $6082$a909$9(OLS)http://pul/classification/566 996 $6245$aMaya e Aztechi$9(OLS)http://pul/title/155659 996 $6260$aMilano :$bElecta$9(OLS)http://pul/publisher/48480 LEADER 01300nam a2200277 a 4500 001 000000162883 003 CaOOAMICUS 005 20170925143859.0 006 a 000 u 008 170925s1995 it m 001 u ger r 032 $aLibriCat 040 $aPUL$bita 100 1 $aMuser, Ivo.$0(OLS)http://pul/name/104563 245 14$aDas mariologische Prinzip "gottesbräutliche Mutterschaft" und das Verständnis der Kirche bei M. J. Scheeben /$cIvo Muser. 260 $aRoma :$b[s.n.],$c1995. 300 $axiii, 225 p. ;$c25 cm. 502 $aTesi -- Pontificia Universitas Gregoriana. Facoltà di Teologia. 1995. 504 $aBibliografia in nota a piè pagina. 600 14$aScheeben, Matthias Joseph,$d1835-1888.$0(OLS)http://pul/subject/10078 710 2 $aPontificia Università Gregoriana.$bFacoltà di teologia.$kTesi.$0(OLS)http://pul/name/81592 850 $aPUL 852 $aPUL$W1$xDP1 Tesi Pon. Univ. Gregoriana$y40$mTH PUG 4188$j186858$qTesi$B190101$CPULBib$Z2$F190101 $H76282 $82 941 1 $a16 996 $6245$aDas mariologische Prinzip "gottesbräutliche Mutterschaft" und das Verständnis der Kirche bei M. J. Scheeben$9(OLS)http://pul/title/202625 996 $6260$aRoma :$b[s.n.]$9(OLS)http://pul/publisher/47958